Fiestaware Colors Quiz Stats

Quiz not verified by Sporcle

Challenge
Share
Tweet
Embed
Score 0/31 Timer 06:00
0 Plays Today
Years in Production Color % Correct
Since 1986White
96.3%
Since 1986Black
96.3%
1987-2005Rose
85.2%
Since 1988Turquoise
85.2%
Since 2001Sunflower
85.2%
Since 1986Cobalt Blue
83.3%
1987-2002Yellow
83.3%
Since 2008Ivory
83.3%
Since 2009Lemongrass
83.3%
Since 2002Plum
81.5%
Since 2003Tangerine
81.5%
Since 2013Lapis
79.6%
Since 2004Scarlet
77.8%
Since 2005Peacock
77.8%
2000-2010Cinnabar
75.9%
Since 2002Shamrock
75.9%
Years in Production Color % Correct
Since 2010Paprika
75.9%
1986-1988Apricot
74.1%
1993-1995Lilac
74.1%
1997-1999Chartreuse
74.1%
2000-2001Juniper
74.1%
Since 2012Flamingo
74.1%
1989-2006Periwinkle Blue
72.2%
1999-2001Pearl Gray
72.2%
2008-2012Chocolate
72.2%
2008-2012Marigold (75th Anniversary)
70.4%
1991-2005Sea Mist Green
68.5%
1996-1997Sapphire
68.5%
2006-2008Heather
68.5%
2007-2010Evergreen
68.5%
1995-2008Persimmon
63%

You're not logged in!

Compare scores with friends on all Sporcle quizzes.
Join for Free
OR
Log In

You Might Also Like...

Show Comments

Extras

Top Quizzes Today


Score Distribution

Your Account Isn't Verified!

In order to create a playlist on Sporcle, you need to verify the email address you used during registration. Go to your Sporcle Settings to finish the process.

Report this User

Report this user for behavior that violates our Community Guidelines.

Details: